[Event "Najdorf Memorial"]
[Site "Warsaw POL"]
[Date "2021.07.12"]
[Round "3.10"]
[White "Fiedorek, Michal"]
[Black "Lewtak, Damian"]
[Result "0-1"]
[WhiteElo "2234"]
[BlackElo "2380"]
[EventDate "2021.07.10"]
[PlyCount "62"]
[LiveChessVersion "1.4.8"]

1.Nf3 {[%clk 1:30:57]} 1...Nf6 {[%clk 1:30:33]} 2.c4 {[%clk 1:30:41]} 2...e6
{[%clk 1:26:11]} 3.g3 {[%clk 1:28:10]} 3...b6 {[%clk 1:25:21]} 4.Bg2 {[%clk
1:28:24]} 4...Bb7 {[%clk 1:25:48]} 5.O-O {[%clk 1:27:59]} 5...g6 {[%clk
1:25:42]} 6.Nc3 {[%clk 1:23:27]} 6...Bg7 {[%clk 1:25:32]} 7.Re1 {[%clk 1:23:41]}
7...Ne4 {[%clk 1:23:50]} 8.Nxe4 {[%clk 1:21:06]} 8...Bxe4 {[%clk 1:24:15]} 9.d3
{[%clk 1:18:00]} 9...Bb7 {[%clk 1:24:32]} 10.e4 {[%clk 1:15:59]} 10...O-O
{[%clk 1:22:03]} 11.d4 {[%clk 1:14:01]} 11...d6 {[%clk 1:22:29]} 12.b3 {[%clk
1:11:21]} 12...c5 {[%clk 1:18:09]} 13.Bb2 {[%clk 1:10:05]} 13...Nc6 {[%clk
1:15:16]} 14.Qd2 {[%clk 1:09:43]} 14...e5 {[%clk 1:15:34]} 15.d5 {[%clk
1:06:31]} 15...Nd4 {[%clk 1:11:56]} 16.Nxd4 {[%clk 1:06:02]} 16...exd4 {[%clk
1:12:13]} 17.Qd3 {[%clk 1:00:52]} 17...Bc8 {[%clk 1:08:23]} 18.f4 {[%clk
0:51:55]} 18...Re8 {[%clk 1:08:48]} 19.a3 {[%clk 0:44:42]} 19...Bd7 {[%clk
1:07:03]} 20.b4 {[%clk 0:42:52]} 20...f5 {[%clk 1:03:39]} 21.b5 {[%clk 0:36:26]}
21...a6 {[%clk 0:59:53]} 22.a4 {[%clk 0:36:04]} 22...axb5 {[%clk 0:59:37]}
23.cxb5 {[%clk 0:28:53]} 23...fxe4 {[%clk 0:58:41]} 24.Bxe4 {[%clk 0:28:32]}
24...Qf6 {[%clk 0:58:41]} 25.Qc4 {[%clk 0:23:32]} 25...Re7 {[%clk 0:56:05]}
26.Bg2 {[%clk 0:18:06]} 26...Rae8 {[%clk 0:56:06]} 27.Qf1 {[%clk 0:16:07]}
27...Bg4 {[%clk 0:51:11]} 28.a5 {[%clk 0:09:07]} 28...bxa5 {[%clk 0:48:13]}
29.Rxe7 {[%clk 0:09:01]} 29...Qxe7 {[%clk 0:48:31]} 30.Rxa5 {[%clk 0:07:26]}
30...Qe3+ {[%clk 0:48:53]} 31.Kh1 {[%clk 0:07:44]} 31...Qd2 {[%clk 0:49:17]} 0-1

[Event "Najdorf Memorial"]
[Site "Warsaw POL"]
[Date "2021.07.12"]
[Round "3.11"]
[White "Kokoszczynski, Jan"]
[Black "Kaczmarek, Aleksander"]
[Result "1/2-1/2"]
[WhiteElo "2219"]
[BlackElo "2371"]
[EventDate "2021.07.10"]
[PlyCount "69"]
[LiveChessVersion "1.4.8"]

1.e4 {[%clk 1:30:58]} 1...c6 {[%clk 1:30:45]} 2.d4 {[%clk 1:31:22]} 2...d5
{[%clk 1:31:12]} 3.e5 {[%clk 1:31:38]} 3...c5 {[%clk 1:31:29]} 4.dxc5 {[%clk
1:31:10]} 4...e6 {[%clk 1:31:54]} 5.Qg4 {[%clk 1:30:59]} 5...Ne7 {[%clk
1:31:31]} 6.Bd3 {[%clk 1:23:51]} 6...Nbc6 {[%clk 1:31:22]} 7.Nf3 {[%clk
1:22:52]} 7...Ng6 {[%clk 1:31:38]} 8.Bxg6 {[%clk 1:09:57]} 8...hxg6 {[%clk
1:31:34]} 9.Be3 {[%clk 1:05:08]} 9...Rh5 {[%clk 1:31:01]} 10.Nc3 {[%clk
1:00:27]} 10...Nxe5 {[%clk 1:26:31]} 11.Nxe5 {[%clk 1:00:19]} 11...Rxe5 {[%clk
1:26:54]} 12.O-O-O {[%clk 0:56:03]} 12...Bd7 {[%clk 1:20:41]} 13.Qd4 {[%clk
0:50:24]} 13...Rh5 {[%clk 1:16:55]} 14.Rhe1 {[%clk 0:46:27]} 14...Bc6 {[%clk
1:09:51]} 15.Bf4 {[%clk 0:32:03]} 15...b6 {[%clk 0:53:49]} 16.cxb6 {[%clk
0:30:06]} 16...Qxb6 {[%clk 0:51:07]} 17.g4 {[%clk 0:24:12]} 17...Qxd4 {[%clk
0:45:43]} 18.Rxd4 {[%clk 0:24:31]} 18...Bc5 {[%clk 0:45:02]} 19.gxh5 {[%clk
0:21:47]} 19...Bxd4 {[%clk 0:45:25]} 20.hxg6 {[%clk 0:22:13]} 20...Bxf2 {[%clk
0:42:16]} 21.gxf7+ {[%clk 0:20:38]} 21...Kxf7 {[%clk 0:42:26]} 22.Rf1 {[%clk
0:21:05]} 22...Bb6 {[%clk 0:42:44]} 23.Be5+ {[%clk 0:21:14]} 23...Kg8 {[%clk
0:41:19]} 24.Ne2 {[%clk 0:20:09]} 24...Be3+ {[%clk 0:41:26]} 25.Kb1 {[%clk
0:14:44]} 25...Rf8 {[%clk 0:37:44]} 26.Rxf8+ {[%clk 0:14:27]} 26...Kxf8 {[%clk
0:38:10]} 27.Nd4 {[%clk 0:14:17]} 27...Bd7 {[%clk 0:38:17]} 28.c3 {[%clk
0:13:11]} 28...g5 {[%clk 0:38:35]} 29.Kc2 {[%clk 0:07:49]} 29...Bf4 {[%clk
0:32:07]} 30.Nf3 {[%clk 0:06:57]} 30...Bb5 {[%clk 0:27:13]} 31.Bxf4 {[%clk
0:07:15]} 31...gxf4 {[%clk 0:27:37]} 32.Nd4 {[%clk 0:07:33]} 32...Bd7 {[%clk
0:27:53]} 33.Nf3 {[%clk 0:07:54]} 33...Bb5 {[%clk 0:25:14]} 34.Nd4 {[%clk
0:08:12]} 34...Bd7 {[%clk 0:24:48]} 35.Nf3 {[%clk 0:08:17]} 1/2-1/2

[Event "Najdorf Memorial"]
[Site "Warsaw POL"]
[Date "2021.07.12"]
[Round "3.12"]
[White "Zylka, Stanislaw"]
[Black "Selbes, Tarik"]
[Result "0-1"]
[WhiteElo "2362"]
[BlackElo "2235"]
[EventDate "2021.07.10"]
[PlyCount "74"]
[LiveChessVersion "1.4.8"]

1.d4 {[%clk 1:30:56]} 1...Nf6 {[%clk 1:30:33]} 2.c4 {[%clk 1:31:19]} 2...e6
{[%clk 1:30:15]} 3.Nf3 {[%clk 1:30:21]} 3...d5 {[%clk 1:29:14]} 4.g3 {[%clk
1:30:34]} 4...a6 {[%clk 1:27:18]} 5.Bg2 {[%clk 1:30:03]} 5...dxc4 {[%clk
1:25:57]} 6.O-O {[%clk 1:30:08]} 6...Nc6 {[%clk 1:25:33]} 7.e3 {[%clk 1:30:25]}
7...Bd7 {[%clk 1:22:11]} 8.Qe2 {[%clk 1:30:23]} 8...Bd6 {[%clk 1:16:35]} 9.Qxc4
{[%clk 1:30:17]} 9...O-O {[%clk 1:13:03]} 10.Rd1 {[%clk 1:29:38]} 10...Qe7
{[%clk 1:12:44]} 11.Nc3 {[%clk 1:24:47]} 11...h6 {[%clk 1:07:46]} 12.e4 {[%clk
1:18:26]} 12...e5 {[%clk 1:07:55]} 13.dxe5 {[%clk 1:17:59]} 13...Nxe5 {[%clk
1:05:46]} 14.Nxe5 {[%clk 1:18:08]} 14...Bxe5 {[%clk 1:05:43]} 15.f4 {[%clk
1:11:15]} 15...Bxc3 {[%clk 1:03:19]} 16.Qxc3 {[%clk 1:10:38]} 16...Bc6 {[%clk
1:02:58]} 17.e5 {[%clk 1:10:13]} 17...Rfd8 {[%clk 0:57:06]} 18.Be3 {[%clk
0:58:04]} 18...Bxg2 {[%clk 0:45:51]} 19.Kxg2 {[%clk 0:57:42]} 19...Nd5 {[%clk
0:46:09]} 20.Qc5 {[%clk 0:57:59]} 20...Qe6 {[%clk 0:46:02]} 21.Kf3 {[%clk
0:41:49]} 21...b6 {[%clk 0:45:56]} 22.Qc4 {[%clk 0:41:16]} 22...Qg4+ {[%clk
0:16:14]} 23.Kf2 {[%clk 0:41:20]} 23...Nxe3 {[%clk 0:15:45]} 24.Rxd8+ {[%clk
0:41:34]} 24...Rxd8 {[%clk 0:16:10]} 25.Kxe3 {[%clk 0:41:51]} 25...c5 {[%clk
0:16:02]} 26.Re1 {[%clk 0:37:27]} 26...g5 {[%clk 0:15:13]} 27.Rf1 {[%clk
0:32:29]} 27...Rd4 {[%clk 0:11:56]} 28.Qxa6 {[%clk 0:30:08]} 28...Qf5 {[%clk
0:11:43]} 29.Qa8+ {[%clk 0:29:05]} 29...Kg7 {[%clk 0:12:06]} 30.Qc6 {[%clk
0:15:39]} 30...Qc2 {[%clk 0:10:22]} 31.Kf3 {[%clk 0:05:40]} 31...Rd3+ {[%clk
0:08:52]} 32.Kg4 {[%clk 0:06:06]} 32...Qe2+ {[%clk 0:08:44]} 33.Kf5 {[%clk
0:06:00]} 33...Qxf1 {[%clk 0:08:42]} 34.Qf6+ {[%clk 0:06:21]} 34...Kg8 {[%clk
0:09:05]} 35.Qxh6 {[%clk 0:06:40]} 35...gxf4 {[%clk 0:08:59]} 36.Kf6 {[%clk
0:03:08]} 36...fxg3+ {[%clk 0:08:54]} 37.Ke7 {[%clk 0:03:37]} 37...Qf5 {[%clk
0:08:47]} 0-1

[Event "Najdorf Memorial"]
[Site "Warsaw POL"]
[Date "2021.07.12"]
[Round "3.13"]
[White "Raczek, Krzysztof"]
[Black "Niedbala, Bartlomiej"]
[Result "0-1"]
[WhiteElo "1816"]
[BlackElo "2360"]
[EventDate "2021.07.10"]
[PlyCount "60"]
[LiveChessVersion "1.4.8"]

1.e4 {[%clk 1:30:53]} 1...c5 {[%clk 1:30:54]} 2.Nf3 {[%clk 1:31:18]} 2...d6
{[%clk 1:31:18]} 3.d4 {[%clk 1:31:45]} 3...cxd4 {[%clk 1:31:45]} 4.Nxd4 {[%clk
1:32:08]} 4...Nf6 {[%clk 1:32:09]} 5.Nc3 {[%clk 1:32:32]} 5...a6 {[%clk
1:32:37]} 6.f3 {[%clk 1:32:55]} 6...e5 {[%clk 1:33:02]} 7.Nb3 {[%clk 1:33:21]}
7...Be6 {[%clk 1:33:09]} 8.Be3 {[%clk 1:33:44]} 8...Be7 {[%clk 1:33:36]} 9.g4
{[%clk 1:34:04]} 9...d5 {[%clk 1:31:18]} 10.exd5 {[%clk 1:25:52]} 10...Nxd5
{[%clk 1:30:09]} 11.Nxd5 {[%clk 1:25:45]} 11...Bh4+ {[%clk 1:24:53]} 12.Kd2
{[%clk 1:18:04]} 12...Bxd5 {[%clk 1:19:21]} 13.Bd3 {[%clk 1:18:27]} 13...O-O
{[%clk 1:18:30]} 14.Qe2 {[%clk 1:14:26]} 14...Nc6 {[%clk 1:10:17]} 15.Nc5
{[%clk 0:33:23]} 15...Nb4 {[%clk 0:52:50]} 16.Kc1 {[%clk 0:09:22]} 16...Nxd3+
{[%clk 0:38:45]} 17.Nxd3 {[%clk 0:09:39]} 17...Rc8 {[%clk 0:34:42]} 18.Rd1
{[%clk 0:05:40]} 18...Qf6 {[%clk 0:33:45]} 19.f4 {[%clk 0:04:33]} 19...exf4
{[%clk 0:33:53]} 20.Nxf4 {[%clk 0:04:42]} 20...Be4 {[%clk 0:33:22]} 21.Rd2
{[%clk 0:00:36]} 21...Rfe8 {[%clk 0:31:21]} 22.a4 {[%clk 0:00:32]} 22...Bg5
{[%clk 0:31:07]} 23.Qf2 {[%clk 0:00:43]} 23...Red8 {[%clk 0:25:38]} 24.Rxd8+
{[%clk 0:00:32]} 24...Qxd8 {[%clk 0:26:06]} 25.Ra3 {[%clk 0:00:36]} 25...Rxc2+
{[%clk 0:18:52]} 26.Qxc2 {[%clk 0:00:58]} 26...Bxc2 {[%clk 0:19:18]} 27.Kxc2
{[%clk 0:01:23]} 27...h6 {[%clk 0:18:54]} 28.h3 {[%clk 0:01:21]} 28...Qe8
{[%clk 0:17:58]} 29.Nd5 Qe4+ 30.Rd3 Qxa4+ 0-1

[Event "Najdorf Memorial"]
[Site "Warsaw POL"]
[Date "2021.07.12"]
[Round "3.14"]
[White "Chomczyk, Marek"]
[Black "Ustianovich, Nazar"]
[Result "1/2-1/2"]
[WhiteElo "2194"]
[BlackElo "2358"]
[EventDate "2021.07.10"]
[PlyCount "51"]
[LiveChessVersion "1.4.8"]

1.e4 {[%clk 1:30:57]} 1...c5 {[%clk 1:24:26]} 2.Nc3 {[%clk 1:30:54]} 2...Nc6
{[%clk 1:24:09]} 3.Bb5 {[%clk 1:31:15]} 3...Nd4 {[%clk 1:24:04]} 4.Nf3 {[%clk
1:31:39]} 4...Nxb5 {[%clk 1:00:54]} 5.Nxb5 {[%clk 1:28:58]} 5...d6 {[%clk
0:57:17]} 6.d4 {[%clk 1:29:15]} 6...Nf6 {[%clk 0:45:06]} 7.O-O {[%clk 1:14:12]}
7...a6 {[%clk 0:39:08]} 8.Nc3 {[%clk 1:14:30]} 8...cxd4 {[%clk 0:39:22]} 9.Qxd4
{[%clk 1:14:39]} 9...e5 {[%clk 0:38:05]} 10.Qb4 {[%clk 1:09:23]} 10...h6 {[%clk
0:30:55]} 11.Be3 {[%clk 1:01:54]} 11...Be7 {[%clk 0:27:49]} 12.Nd5 {[%clk
0:43:48]} 12...Nxd5 {[%clk 0:27:49]} 13.exd5 {[%clk 0:44:12]} 13...b5 {[%clk
0:23:53]} 14.a4 {[%clk 0:39:00]} 14...Bd7 {[%clk 0:22:27]} 15.axb5 {[%clk
0:30:46]} 15...axb5 {[%clk 0:22:55]} 16.b3 {[%clk 0:30:30]} 16...O-O {[%clk
0:22:24]} 17.Rxa8 {[%clk 0:23:55]} 17...Qxa8 {[%clk 0:22:44]} 18.Nxe5 {[%clk
0:24:18]} 18...dxe5 {[%clk 0:22:42]} 19.Qxe7 {[%clk 0:24:40]} 19...Qxd5 {[%clk
0:22:58]} 20.c4 {[%clk 0:25:03]} 20...bxc4 {[%clk 0:22:02]} 21.bxc4 {[%clk
0:25:21]} 21...Qe6 {[%clk 0:22:10]} 22.Qxe6 {[%clk 0:25:13]} 22...Bxe6 {[%clk
0:22:38]} 23.c5 {[%clk 0:24:51]} 23...Rc8 {[%clk 0:20:52]} 24.f3 {[%clk
0:23:22]} 24...f6 {[%clk 0:20:59]} 25.Rb1 {[%clk 0:20:20]} 25...Rc7 {[%clk
0:20:56]} 26.Kf2 {[%clk 0:20:21]} 1/2-1/2

[Event "Najdorf Memorial"]
[Site "Warsaw POL"]
[Date "2021.07.12"]
[Round "3.15"]
[White "Kjartansson, Gudmundur"]
[Black "Lisowski, Krzysztof"]
[Result "1-0"]
[WhiteElo "2496"]
[BlackElo "2170"]
[EventDate "2021.07.10"]
[PlyCount "73"]
[LiveChessVersion "1.4.8"]

1.c4 {[%clk 1:30:46]} 1...e6 {[%clk 1:30:26]} 2.Nc3 {[%clk 1:31:01]} 2...d5
{[%clk 1:30:18]} 3.d4 {[%clk 1:31:25]} 3...Nf6 {[%clk 1:30:04]} 4.cxd5 {[%clk
1:31:34]} 4...exd5 {[%clk 1:29:24]} 5.Bg5 {[%clk 1:31:56]} 5...Be7 {[%clk
1:28:07]} 6.e3 {[%clk 1:32:08]} 6...c6 {[%clk 1:27:27]} 7.Bd3 {[%clk 1:32:19]}
7...Nbd7 {[%clk 1:26:51]} 8.Nge2 {[%clk 1:32:29]} 8...Nf8 {[%clk 1:24:59]}
9.Qc2 {[%clk 1:32:41]} 9...Ne6 {[%clk 1:24:42]} 10.Bh4 {[%clk 1:32:58]} 10...g6
{[%clk 1:18:52]} 11.O-O {[%clk 1:33:04]} 11...O-O {[%clk 1:18:33]} 12.f3 {[%clk
1:31:59]} 12...b6 {[%clk 1:13:23]} 13.Rad1 {[%clk 1:27:39]} 13...Bb7 {[%clk
1:12:05]} 14.Kh1 {[%clk 1:18:07]} 14...Rc8 {[%clk 1:11:32]} 15.Qc1 {[%clk
1:14:54]} 15...Nh5 {[%clk 0:45:24]} 16.Bf2 {[%clk 1:13:10]} 16...c5 {[%clk
0:24:09]} 17.dxc5 {[%clk 1:11:40]} 17...Bxc5 {[%clk 0:20:20]} 18.Bc2 {[%clk
0:58:59]} 18...Qc7 {[%clk 0:15:11]} 19.Bb3 {[%clk 0:57:20]} 19...Nf6 {[%clk
0:08:44]} 20.Bxd5 {[%clk 0:48:27]} 20...Ba6 {[%clk 0:05:44]} 21.Bg3 {[%clk
0:42:09]} 21...Qe7 {[%clk 0:05:50]} 22.e4 {[%clk 0:39:24]} 22...Bb4 {[%clk
0:02:14]} 23.Rfe1 {[%clk 0:38:31]} 23...Nh5 {[%clk 0:01:45]} 24.Qe3 {[%clk
0:25:13]} 24...Bc5 {[%clk 0:01:13]} 25.Qh6 {[%clk 0:15:04]} 25...Nxg3+ {[%clk
0:01:19]} 26.hxg3 {[%clk 0:14:04]} 26...Bf2 {[%clk 0:01:13]} 27.Rf1 {[%clk
0:14:23]} 27...Rxc3 {[%clk 0:01:04]} 28.Rxf2 {[%clk 0:13:27]} 28...Rc2 {[%clk
0:01:18]} 29.Rd2 {[%clk 0:13:32]} 29...Qc5 {[%clk 0:00:41]} 30.Nc3 {[%clk
0:13:20]} 30...Rc1+ {[%clk 0:00:45]} 31.Kh2 {[%clk 0:13:33]} 31...Qc7 {[%clk
0:00:38]} 32.Bxe6 {[%clk 0:10:14]} 32...fxe6 {[%clk 0:01:01]} 33.Rd4 {[%clk
0:09:22]} 33...Rf1 {[%clk 0:00:52]} 34.Rfd2 {[%clk 0:07:31]} 34...Bc8 {[%clk
0:01:11]} 35.Qg5 {[%clk 0:07:15]} 35...Qc5 {[%clk 0:00:34]} 36.Qxc5 {[%clk
0:07:17]} 36...bxc5 {[%clk 0:01:00]} 37.Rc4 {[%clk 0:06:03]} 1-0

[Event "Najdorf Memorial"]
[Site "Warsaw POL"]
[Date "2021.07.12"]
[Round "3.16"]
[White "Pacan-milej, Kosma"]
[Black "Czernek, Tymon"]
[Result "1-0"]
[WhiteElo "2421"]
[BlackElo "2171"]
[EventDate "2021.07.10"]
[PlyCount "89"]
[LiveChessVersion "1.4.8"]

1.d4 {[%clk 1:30:56]} 1...Nf6 {[%clk 1:30:56]} 2.c4 {[%clk 1:31:21]} 2...g6
{[%clk 1:31:23]} 3.Nc3 {[%clk 1:31:45]} 3...Bg7 {[%clk 1:31:51]} 4.e4 {[%clk
1:32:09]} 4...d6 {[%clk 1:32:17]} 5.h3 {[%clk 1:32:33]} 5...O-O {[%clk 1:31:10]}
6.Be3 {[%clk 1:32:55]} 6...e5 {[%clk 1:29:14]} 7.d5 {[%clk 1:33:00]} 7...a5
{[%clk 1:25:38]} 8.g4 {[%clk 1:29:05]} 8...Na6 {[%clk 1:25:16]} 9.Nge2 {[%clk
1:28:58]} 9...Bd7 {[%clk 1:19:32]} 10.Ng3 {[%clk 1:28:55]} 10...Nc5 {[%clk
1:17:59]} 11.g5 {[%clk 1:22:51]} 11...Ne8 {[%clk 1:18:15]} 12.h4 {[%clk
1:23:03]} 12...f5 {[%clk 1:15:07]} 13.exf5 {[%clk 1:14:42]} 13...gxf5 {[%clk
1:12:01]} 14.Nh5 {[%clk 1:14:20]} 14...Qe7 {[%clk 1:04:20]} 15.Rg1 {[%clk
1:11:18]} 15...Kh8 {[%clk 1:00:59]} 16.Qc2 {[%clk 1:03:58]} 16...Na6 {[%clk
0:54:03]} 17.f3 {[%clk 0:49:17]} 17...Nb4 {[%clk 0:45:14]} 18.Qd2 {[%clk
0:44:09]} 18...f4 {[%clk 0:36:50]} 19.Bf2 {[%clk 0:44:31]} 19...Bf5 {[%clk
0:37:14]} 20.O-O-O {[%clk 0:40:42]} 20...Qf7 {[%clk 0:24:02]} 21.Nxg7 {[%clk
0:39:30]} 21...Nxg7 {[%clk 0:24:29]} 22.a3 {[%clk 0:37:04]} 22...Na6 {[%clk
0:24:54]} 23.Bd3 {[%clk 0:30:33]} 23...Qh5 {[%clk 0:24:08]} 24.Qe2 {[%clk
0:28:43]} 24...b6 {[%clk 0:21:17]} 25.Ne4 {[%clk 0:22:40]} 25...Bxe4 {[%clk
0:19:37]} 26.Bxe4 {[%clk 0:22:40]} 26...Nc5 {[%clk 0:19:08]} 27.Bxc5 {[%clk
0:22:12]} 27...bxc5 {[%clk 0:19:37]} 28.Rg4 {[%clk 0:20:25]} 28...Rab8 {[%clk
0:17:02]} 29.Qc2 {[%clk 0:12:19]} 29...Rb7 {[%clk 0:15:49]} 30.Rd2 {[%clk
0:12:26]} 30...Rfb8 {[%clk 0:14:49]} 31.g6 {[%clk 0:11:32]} 31...h6 {[%clk
0:14:33]} 32.Qa4 {[%clk 0:11:13]} 32...Rd8 {[%clk 0:13:56]} 33.Qxa5 {[%clk
0:10:11]} 33...Nf5 {[%clk 0:13:15]} 34.Qa6 {[%clk 0:09:24]} 34...Rbb8 {[%clk
0:13:26]} 35.Qc6 {[%clk 0:08:05]} 35...Rbc8 {[%clk 0:13:49]} 36.g7+ {[%clk
0:06:12]} 36...Kg8 {[%clk 0:13:50]} 37.Rdg2 {[%clk 0:05:40]} 37...Qf7 {[%clk
0:13:18]} 38.Qa4 {[%clk 0:03:31]} 38...Ne3 {[%clk 0:12:50]} 39.Qb3 {[%clk
0:03:06]} 39...Nxg2 {[%clk 0:12:05]} 40.Qc2 {[%clk 0:31:45]} 40...Qf6 {[%clk
0:42:05]} 41.Rxg2 {[%clk 0:29:15]} 41...Kf7 {[%clk 0:40:18]} 42.Bf5 {[%clk
0:27:14]} 42...Qxh4 {[%clk 0:39:14]} 43.Be6+ {[%clk 0:27:36]} 43...Ke7 {[%clk
0:39:31]} 44.g8=N+ {[%clk 0:27:49]} 44...Rxg8 {[%clk 0:39:36]} 45.Qh7+ {[%clk
0:28:15]} 1-0

[Event "Najdorf Memorial"]
[Site "Warsaw POL"]
[Date "2021.07.12"]
[Round "3.17"]
[White "Cukrowski, Filip"]
[Black "Piekielny, Pawel"]
[Result "0-1"]
[WhiteElo "2389"]
[BlackElo "2150"]
[EventDate "2021.07.10"]
[PlyCount "78"]
[LiveChessVersion "1.4.8"]

1.e4 {[%clk 1:30:58]} 1...e6 {[%clk 1:30:55]} 2.d4 {[%clk 1:29:46]} 2...d5
{[%clk 1:31:20]} 3.Nd2 {[%clk 1:30:12]} 3...Be7 {[%clk 1:30:58]} 4.Bd3 {[%clk
1:28:43]} 4...c5 {[%clk 1:31:00]} 5.dxc5 {[%clk 1:26:02]} 5...Nf6 {[%clk
1:30:27]} 6.Qe2 {[%clk 1:23:45]} 6...O-O {[%clk 1:30:31]} 7.Ngf3 {[%clk
1:23:55]} 7...a5 {[%clk 1:30:39]} 8.c4 {[%clk 1:21:41]} 8...Na6 {[%clk 1:17:57]}
9.e5 {[%clk 1:19:49]} 9...Nd7 {[%clk 1:05:51]} 10.cxd5 {[%clk 0:51:21]}
10...exd5 {[%clk 1:05:02]} 11.Nd4 {[%clk 0:46:33]} 11...Bxc5 {[%clk 0:52:15]}
12.e6 {[%clk 0:35:37]} 12...Nf6 {[%clk 0:44:33]} 13.N2f3 {[%clk 0:26:33]}
13...Re8 {[%clk 0:33:33]} 14.Bb5 {[%clk 0:20:23]} 14...Re7 {[%clk 0:30:39]}
15.O-O {[%clk 0:20:07]} 15...fxe6 {[%clk 0:24:26]} 16.Nb3 {[%clk 0:12:29]}
16...Bd6 {[%clk 0:22:04]} 17.Ne5 {[%clk 0:11:27]} 17...Ne4 {[%clk 0:20:00]}
18.f3 {[%clk 0:10:46]} 18...Bxe5 {[%clk 0:16:29]} 19.fxe4 {[%clk 0:11:09]}
19...Qb6+ {[%clk 0:12:35]} 20.Kh1 {[%clk 0:09:48]} 20...Bd7 {[%clk 0:12:25]}
21.Bd3 {[%clk 0:09:25]} 21...Nb4 {[%clk 0:10:44]} 22.Bg5 {[%clk 0:09:44]}
22...Ree8 {[%clk 0:10:33]} 23.Qh5 {[%clk 0:04:21]} 23...g6 {[%clk 0:09:32]}
24.Qh4 {[%clk 0:03:35]} 24...Nxd3 {[%clk 0:08:38]} 25.Rf3 {[%clk 0:03:06]}
25...dxe4 {[%clk 0:06:11]} 26.Qxe4 {[%clk 0:01:48]} 26...Bc6 {[%clk 0:05:27]}
27.Qxd3 {[%clk 0:02:08]} 27...Bxf3 {[%clk 0:05:56]} 28.Qxf3 {[%clk 0:02:28]}
28...Rf8 {[%clk 0:04:28]} 29.Qe4 {[%clk 0:02:21]} 29...Rf5 {[%clk 0:03:27]}
30.Be3 {[%clk 0:00:56]} 30...Qb4 {[%clk 0:02:27]} 31.Nd4 {[%clk 0:00:44]}
31...Raf8 {[%clk 0:01:59]} 32.g4 {[%clk 0:00:40]} 32...Qxb2 {[%clk 0:01:50]}
33.Nc2 {[%clk 0:01:04]} 33...Rf1+ {[%clk 0:01:23]} 34.Rxf1 {[%clk 0:01:30]}
34...Rxf1+ {[%clk 0:01:49]} 35.Kg2 {[%clk 0:01:56]} 35...Rf8 {[%clk 0:00:51]}
36.Qc4 {[%clk 0:02:03]} 36...Qc3 37.Qxe6+ {[%clk 0:01:29]} 37...Kg7 {[%clk
0:00:49]} 38.Nd4 {[%clk 0:01:13]} 38...Qxe3 {[%clk 0:00:54]} 39.Qe7+ {[%clk
0:01:13]} 39...Kg8 {[%clk 0:00:54]} 0-1

[Event "Najdorf Memorial"]
[Site "Warsaw POL"]
[Date "2021.07.12"]
[Round "3.18"]
[White "Suvorov, Alexander"]
[Black "Adamski, Jan"]
[Result "1/2-1/2"]
[WhiteElo "2353"]
[BlackElo "2145"]
[EventDate "2021.07.10"]
[PlyCount "82"]
[LiveChessVersion "1.4.8"]

1.d4 {[%clk 1:30:54]} 1...Nf6 {[%clk 1:29:59]} 2.Bf4 {[%clk 1:30:54]} 2...e6
{[%clk 1:26:31]} 3.e3 {[%clk 1:30:41]} 3...c5 {[%clk 1:26:01]} 4.c3 {[%clk
1:30:29]} 4...d5 {[%clk 1:24:06]} 5.Nd2 {[%clk 1:30:06]} 5...Bd6 {[%clk
1:22:43]} 6.Bg3 {[%clk 1:29:41]} 6...Qc7 {[%clk 1:17:09]} 7.Bd3 {[%clk 1:27:18]}
7...Nbd7 {[%clk 1:17:20]} 8.Bxd6 {[%clk 1:22:48]} 8...Qxd6 {[%clk 1:17:30]}
9.f4 {[%clk 1:23:04]} 9...b6 {[%clk 1:10:56]} 10.Ngf3 {[%clk 1:21:02]}
10...cxd4 {[%clk 1:06:51]} 11.cxd4 {[%clk 1:18:58]} 11...Bb7 {[%clk 1:03:48]}
12.Qb1 {[%clk 1:03:12]} 12...Rc8 {[%clk 0:45:23]} 13.O-O {[%clk 0:55:39]}
13...Ng4 {[%clk 0:31:51]} 14.Qe1 {[%clk 0:50:43]} 14...f5 {[%clk 0:28:52]}
15.a3 {[%clk 0:45:13]} 15...O-O {[%clk 0:28:50]} 16.h3 {[%clk 0:44:24]}
16...Ngf6 {[%clk 0:29:12]} 17.Ne5 {[%clk 0:44:22]} 17...Nb8 {[%clk 0:20:20]}
18.Qe2 {[%clk 0:36:49]} 18...Ne4 {[%clk 0:19:18]} 19.Rfc1 {[%clk 0:36:11]}
19...Nxd2 {[%clk 0:17:38]} 20.Qxd2 {[%clk 0:36:40]} 20...Nc6 {[%clk 0:15:13]}
21.Nf3 {[%clk 0:30:31]} 21...Rc7 {[%clk 0:13:23]} 22.b4 {[%clk 0:16:31]}
22...Rfc8 {[%clk 0:13:01]} 23.g4 {[%clk 0:14:44]} 23...g6 {[%clk 0:05:14]}
24.Kg2 {[%clk 0:15:00]} 24...Nd8 {[%clk 0:05:20]} 25.Kg3 {[%clk 0:12:43]}
25...Rxc1 {[%clk 0:05:13]} 26.Rxc1 {[%clk 0:13:11]} 26...Rxc1 {[%clk 0:05:29]}
27.Qxc1 {[%clk 0:13:40]} 27...Qc6 {[%clk 0:03:51]} 28.Qb2 {[%clk 0:13:55]}
28...Nf7 {[%clk 0:03:14]} 29.h4 {[%clk 0:12:04]} 29...Bc8 {[%clk 0:02:33]}
30.h5 {[%clk 0:10:20]} 30...Bd7 {[%clk 0:01:16]} 31.hxg6 {[%clk 0:07:07]}
31...hxg6 {[%clk 0:01:44]} 32.gxf5 {[%clk 0:05:12]} 32...gxf5 {[%clk 0:01:42]}
33.Kh4 {[%clk 0:04:13]} 33...Qc7 {[%clk 0:00:33]} 34.Qg2+ {[%clk 0:02:55]}
34...Kf8 {[%clk 0:00:51]} 35.Ng5 {[%clk 0:02:03]} 35...Qc1 {[%clk 0:00:49]}
36.Nxf7 {[%clk 0:01:53]} 36...Kxf7 {[%clk 0:01:16]} 37.Qe2 {[%clk 0:01:06]}
37...Qh1+ {[%clk 0:01:10]} 38.Kg3 {[%clk 0:01:12]} 38...Qg1+ {[%clk 0:01:17]}
39.Kh3 {[%clk 0:01:21]} 39...Qh1+ {[%clk 0:01:20]} 40.Kg3 {[%clk 0:31:46]}
40...Qg1+ {[%clk 0:31:46]} 41.Kh3 {[%clk 0:32:08]} 41...Qh1+ {[%clk 0:32:08]} 1/2-1/2

[Event "Najdorf Memorial"]
[Site "Warsaw POL"]
[Date "2021.07.12"]
[Round "3.19"]
[White "Kacprzak, Karol"]
[Black "Deszczynski, Adam"]
[Result "1/2-1/2"]
[WhiteElo "2151"]
[BlackElo "2311"]
[EventDate "2021.07.10"]
[PlyCount "43"]
[LiveChessVersion "1.4.8"]

1.d4 d5 2.c4 c6 3.Nf3 Nf6 4.e3 a6 5.Bd3 Bg4 6.Nbd2 e6 7.b3 Nbd7 8.O-O Bh5 9.Bb2
Be7 10.e4 dxe4 11.Nxe4 Nxe4 12.Bxe4 Nf6 13.Bc2 Qc7 14.Qd3 Rd8 15.Ne5 Bg6 16.Qe2
Bxc2 17.Qxc2 O-O 18.Rad1 c5 19.Rfe1 cxd4 20.Bxd4 Bc5 21.Bxc5 Qxc5 22.Qe2 1/2-1/2

[Event "Najdorf Memorial"]
[Site "Warsaw POL"]
[Date "2021.07.12"]
[Round "3.20"]
[White "Bebel, Arkadiusz"]
[Black "Jarzebowski, Kacper"]
[Result "1-0"]
[WhiteElo "2306"]
[BlackElo "2110"]
[EventDate "2021.07.10"]
[PlyCount "49"]
[LiveChessVersion "1.4.8"]

1.Nf3 Nf6 2.g3 g6 3.b3 Bg7 4.Bb2 O-O 5.Bg2 c6 6.O-O d6 7.d4 Ne4 8.c4 f5 9.Nc3
Nxc3 10.Bxc3 Na6 11.Rc1 Qe8 12.d5 Bxc3 13.Rxc3 Nc7 14.dxc6 bxc6 15.c5 d5 16.Ne5
Rb8 17.Qd2 Ne6 18.f4 Nd8 19.Nxc6 Nxc6 20.Qxd5+ Kg7 21.Qxc6 Qd8 22.Rd3 Qa5
23.Qd5 Ba6 24.Qe5+ Kh6 25.Rd7 1-0